<?xml version="1.0" encoding="UTF-8"?>
<record
    xmlns:xsi="http://www.w3.org/2001/XMLSchema-instance"
    xsi:schemaLocation="http://www.loc.gov/MARC21/slim http://www.loc.gov/standards/marcxml/schema/MARC21slim.xsd"
    xmlns="http://www.loc.gov/MARC21/slim">

  <leader>00497nam a2200181 a 4500</leader>
  <controlfield tag="001">1771563657603</controlfield>
  <controlfield tag="003">YourLibrary</controlfield>
  <controlfield tag="005">20260220105813.0</controlfield>
  <controlfield tag="008">260220s2009##################000#0#eng##</controlfield>
  <datafield tag="020" ind1=" " ind2=" ">
    <subfield code="a">9789041128224</subfield>
  </datafield>
  <datafield tag="082" ind1="0" ind2="4">
    <subfield code="a">336.2713</subfield>
    <subfield code="b">VAN</subfield>
  </datafield>
  <datafield tag="100" ind1="1" ind2=" ">
    <subfield code="a">Silva, Sergio Andr&#xE9; Rocha Gomes,</subfield>
    <subfield code="e">author.</subfield>
  </datafield>
  <datafield tag="245" ind1="1" ind2="0">
    <subfield code="a">Interpretation of Double Taxation Conventions :</subfield>
  </datafield>
  <datafield tag="260" ind1=" " ind2=" ">
    <subfield code="c">2009.</subfield>
  </datafield>
  <datafield tag="650" ind1=" " ind2="0">
    <subfield code="a">Double taxation.</subfield>
  </datafield>
  <datafield tag="942" ind1=" " ind2=" ">
    <subfield code="c">ENGLISH</subfield>
  </datafield>
  <datafield tag="040" ind1=" " ind2=" ">
    <subfield code="a">YourLibrary</subfield>
    <subfield code="b">eng</subfield>
    <subfield code="c">YourLibrary</subfield>
  </datafield>
  <datafield tag="999" ind1=" " ind2=" ">
    <subfield code="c">613250</subfield>
    <subfield code="d">613250</subfield>
  </datafield>
  <datafield tag="952" ind1=" " ind2=" ">
    <subfield code="0">0</subfield>
    <subfield code="1">0</subfield>
    <subfield code="4">0</subfield>
    <subfield code="7">0</subfield>
    <subfield code="a">ACL</subfield>
    <subfield code="b">ACL</subfield>
    <subfield code="d">2026-02-20</subfield>
    <subfield code="l">0</subfield>
    <subfield code="o">336.2713 VAN</subfield>
    <subfield code="p">137676</subfield>
    <subfield code="r">2026-02-20 10:58:13</subfield>
    <subfield code="w">2026-02-20</subfield>
    <subfield code="y">ENGLISH</subfield>
  </datafield>
</record>
